000 00457nam a22001337a 4500
020 _qPB.
040 _cFizza Ishaq
082 _a335.43
_bERI
100 _aWeitz, D. Eric.
_9133435
245 _aPopular Communism : Popular Strategies and Social Histories in the Formation of the German, French, and Italian Communist Parties, 1919-1948 /
_cEric D. Weitz
260 _aNew York :
_b Cornell University Press,
_c1992.
300 _a84 P. ;
942 _2ddc
_cBK
999 _c616386
_d616386